| 000 | 00616 a2200205 4500 | ||
|---|---|---|---|
| 001 | 63005 | ||
| 005 | 20260407155924.0 | ||
| 008 | 260407a1964 arg spa d | ||
| 003 | AR-UNSa-BCEJYS | ||
| 040 |
_aAR-UNSa-BCEJYS _bspa _cAR-UNSa-BCEJYS |
||
| 080 |
_a368.9 _xSeguros privados para personas (Seguro de vida) |
||
| 245 | 1 | 0 | _aEl seguros de vida |
| 264 | 1 |
_aMéxico : _bUnión Tipográfica Editorial Hispano-Americana (UTEHA) _c1964 |
|
| 300 |
_axvi, 922 p. _c23 cm. |
||
| 041 | _aspa | ||
| 942 | _cBK | ||
| 590 | _aniveau_biblio:m niveau_hierar:0 | ||
| 100 | 1 | _aMagee, John H. | |
| 700 | 1 | _aGuasch Rubio, Luis | |
| 999 |
_c7915 _d7915 |
||